Least Populous Megacities - Statistics

General Stats
  • This quiz has been taken 11 times
  • The average score is 6 of 10
Answer Stats
Population City % Correct
10,000,000 Bogota
75%
10,500,000 Nagoya
75%
10,800,000 Wuhan
75%
11,400,000 Lima
63%
11,400,000 Paris
63%
11,200,000 Tianjin
50%
11,600,000 Xi'an
50%
10,100,000 Chongqing
38%
10,900,000 Ho Chi Minh
38%
10,700,000 Hyderabad
38%
No matching quizzes found
Score Distribution
Percent of People with Each Score
Percentile by Number Answered
Your Score History
You have not taken this quiz